| 000 | 00818nam a2200253Ia 4500 | ||
|---|---|---|---|
| 003 | OSt | ||
| 005 | 20220918171857.0 | ||
| 006 | a|||||r|||| 00| 0 | ||
| 007 | ta | ||
| 008 | 220917b |||||||| |||| 00| 0 eng d | ||
| 020 |
_a9788183283229 (hbk) _cINR 795.00 |
||
| 024 | _a332,241 | ||
| 037 |
_bIN404, 05/02/2018, Bharatiya Sahitya Bhavana _cTextual |
||
| 040 |
_aARTS _cARTS _beng |
||
| 041 |
_2eng _aeng |
||
| 082 | _aW6, Q3 | ||
| 100 |
_aSahasrabuddhe Vinay Au. _939177 |
||
| 245 | 0 |
_aBeyond a billion ballots _b democratic reforms for a resurgent India |
|
| 260 |
_aNew Delhi _bWisdom Tree India _c2013 |
||
| 300 |
_axiv,317p. _ccm. |
||
| 650 |
_aDEMOCRACY _920451 |
||
| 942 |
_hW6, Q3 _cTEXL _2CC |
||
| 999 |
_c141715 _d141715 |
||